00472cam a22001457a 4500008004000000020001500040082001500055245010200070260002700172300001000199650003400209650001600243650004600259700002100305180718b2007 xxu||||| |||| 00| 0 eng d a8189915878 aT39x54 P17 aIntellectual property rights in India: general issues and implicationscedited by Prankrishna Pal aNew DelhibRegalc2007 a328p. aForeign --Law and legislation aInvestments aIntellectual property (International law) aPal, Prankrishna